Language Quiz

Random Language Quiz
Score 0/9 Timer 03:00
0 Plays Today
Hint Word % Correct
A fruit, a flightless bird, or a New ZealanderKiwi
95%
Asian country on the shores of the Persian GulfKuwait
94.6%
City in Japan or Japanese motorcycles manufacturerKawasaki
90.5%
Japanese musical instruments manufacturing companyKawai
60.5%
Act in an excessively subservient mannerKowtow
54.1%
International service club founded in 1915 in Detroit, MichiganKiwanis
44.7%
(in the context of Japanese popular culture) cuteKawaii
41.8%
Famous urban area in Hong Kong Kowloon
35.2%
One of the penguins in the film franchise MadagascarKowalski
34.8%
Remove Ads.
Support Sporcle.
Get the best of Sporcle when you Go Orange. This ad-free experience offers more features, more stats, and more fun while also helping to support Sporcle. Thank you for becoming a member.

You're not logged in!

Compare scores with friends on all Sporcle quizzes.
OR
Log In

Sporcle TV

Today on Sporcle TV


Watch our educational content, quiz creation guides, and fun videos on Sporcle TV.

Show Comments

Extras

Created Mar 28, 2020ReportNominate
Tags:Starting

Top Quizzes Today


Score Distribution

Paid Content

Your Account Isn't Verified!

In order to create a playlist on Sporcle, you need to verify the email address you used during registration. Go to your Sporcle Settings to finish the process.

Report this User

Report this user for behavior that violates our Community Guidelines.

Details: